[Event "4NCL 2011-12"]
[Site "Staverton Park ENG"]
[Date "2011.11.12"]
[Round "1.11.1"]
[White "Rowson, Jonathan"]
[Black "Talsma, Paul"]
[Result "1-0"]
[WhiteTitle "GM"]
[WhiteElo "2581"]
[BlackElo "2246"]
[WhiteTeam "Wood Green Hilsmark 1"]
[BlackTeam "Anglian Avengers"]
[WhiteFideId "2400561"]
[BlackFideId "1018779"]
[EventDate "2011.11.12"]

1. d4 f5 2. Nf3 Nf6 3. Bg5 e6 4. Nbd2 Be7 5. c3 O-O 6. Qc2 b6 7. e4 fxe4 8. Nxe4
Bb7 9. Bxf6 gxf6 10. g3 f5 11. Ned2 c5 12. dxc5 Bxc5 13. Bg2 Qe8 14. O-O Qh5 15.
Ne5 Bxg2 16. Kxg2 Bd6 17. Ndf3 Bxe5 18. Nxe5 f4 19. Qe4 d5 20. Qd4 Rf5 21. Rae1
Nc6 22. Nxc6 f3+ 23. Kh1 Qh3 24. Rg1 Rh5 25. Ne7+ Kf7 26. Qf4+ Kxe7 27. g4 Rh6
28. Qc7+ Kf8 29. g5 Rh5 30. g6 hxg6 31. Rxg6 Qf5 32. Qg7+ Ke8 33. Rgxe6+ 1-0

[Event "4NCL 2011-12"]
[Site "Staverton Park ENG"]
[Date "2011.11.12"]
[Round "1.11.2"]
[White "Spence, David J"]
[Black "Gordon, Stephen J"]
[Result "1-0"]
[BlackTitle "GM"]
[WhiteElo "2211"]
[BlackElo "2535"]
[WhiteTeam "Anglian Avengers"]
[BlackTeam "Wood Green Hilsmark 1"]
[WhiteFideId "407429"]
[BlackFideId "411477"]
[EventDate "2011.11.12"]

1. e4 c5 2. c3 Nf6 3. e5 Nd5 4. d4 cxd4 5. cxd4 d6 6. Nf3 Nc6 7. Bc4 e6 8. O-O
Be7 9. Qe2 O-O 10. Nc3 Nxc3 11. bxc3 dxe5 12. dxe5 Qa5 13. Qe4 Qa4 14. Bg5 Re8
15. Bxe7 Nxe7 16. Ng5 Ng6 17. Nxf7 Bd7 18. Nd6 Re7 19. f4 Bc6 20. Qe3 Kh8 21.
Rf2 Rf8 22. Raf1 Qa5 23. g3 a6 24. h4 Rd8 25. h5 Nf8 26. f5 Bd5 27. Qg5 Red7 28.
f6 1-0

[Event "4NCL 2011-12"]
[Site "Staverton Park ENG"]
[Date "2011.11.12"]
[Round "1.11.4"]
[White "Player, Edmund C"]
[Black "Emms, John M"]
[Result "1/2-1/2"]
[BlackTitle "GM"]
[WhiteElo "2199"]
[BlackElo "2484"]
[WhiteTeam "Anglian Avengers"]
[BlackTeam "Wood Green Hilsmark 1"]
[WhiteFideId "406520"]
[BlackFideId "400254"]
[EventDate "2011.11.12"]

1. e4 c5 2. Nc3 g6 3. g3 Bg7 4. Bg2 Nc6 5. d3 d6 6. Be3 Nf6 7. Nge2 O-O 8. h3 e5
9. Qd2 Nd4 10. g4 Be6 11. f4 Nxe2 12. Nxe2 exf4 13. Nxf4 Nd7 14. c3 Nb6 15. O-O
Rc8 16. Nxe6 fxe6 17. Rxf8+ Qxf8 18. Rf1 Qe7 19. Bg5 Qd7 20. Bf6 Bxf6 21. Rxf6
Qe7 22. Qg5 Re8 23. h4 Nd7 24. Rf1 Qxg5 25. hxg5 Rf8 26. d4 cxd4 27. Rxf8+ Kxf8
28. cxd4 e5 29. d5 Nc5 30. Kf1 Nd3 31. b3 Nc1 32. Ke1 Nxa2 33. Kd2 Ke7 34. Bf1
a6 35. Kc2 Nb4+ 36. Kc3 a5 37. Bb5 Kd8 38. Bc4 Kc7 39. Bb5 Na6 40. Bxa6 bxa6 41.
Kd3 Kb7 42. Kc4 1/2-1/2

[Event "4NCL 2011-12"]
[Site "Staverton Park ENG"]
[Date "2011.11.12"]
[Round "1.11.5"]
[White "McDonald, Neil"]
[Black "Merry, Alan B"]
[Result "0-1"]
[WhiteTitle "GM"]
[WhiteElo "2457"]
[BlackElo "2100"]
[WhiteTeam "Wood Green Hilsmark 1"]
[BlackTeam "Anglian Avengers"]
[WhiteFideId "400629"]
[BlackFideId "418811"]
[EventDate "2011.11.12"]

1. e4 Nc6 2. Nf3 d5 3. exd5 Qxd5 4. Nc3 Qa5 5. Bb5 a6 6. Bxc6+ bxc6 7. h3 e6 8.
O-O Bd6 9. b3 Ne7 10. Bb2 O-O 11. Re1 Bb7 12. Ne4 Ng6 13. d3 Nf4 14. Qd2 Qf5 15.
Nh4 Qh5 16. Bf6 c5 17. Nxd6 Qh6 18. Qe3 cxd6 19. Be7 e5 20. Bxf8 Qxh4 21. Be7
Qh6 22. Qg3 Bxg2 23. Bg5 Nxh3+ 24. Kxg2 Nxg5 25. Rh1 Qf6 26. Rh4 h6 27. Rah1 Re8
28. Qe3 Re6 29. f3 Qg6 30. R1h2 Rf6 31. Rg4 Qf5 32. Rg3 Ne6 33. Qe4 Nf4+ 34. Kf2
Qe6 35. Qc6 Qf5 36. Rh1 d5 37. Qxc5 Nh5 38. Rgh3 Nf4 39. R3h2 Kh7 40. Qe3 Ne6
41. Rh5 g5 42. R5h3 Kg7 43. Rg3 e4 44. Rf1 g4 45. c4 exf3 46. cxd5 Ng5 47. Rc1
h5 48. Qd4 Qf4 49. Qxf4 Rxf4 50. Rc4 Rxc4 51. bxc4 f5 52. c5 Kf6 53. c6 Ke7 54.
c7 Kd7 55. d6 h4 56. Rg1 Nh3+ 0-1

[Event "4NCL 2011-12"]
[Site "Staverton Park ENG"]
[Date "2011.11.12"]
[Round "1.11.6"]
[White "Gregory, Stephen J"]
[Black "Lalic, Bogdan"]
[Result "0-1"]
[BlackTitle "GM"]
[WhiteElo "2124"]
[BlackElo "2454"]
[WhiteTeam "Anglian Avengers"]
[BlackTeam "Wood Green Hilsmark"]
[WhiteFideId "410837"]
[BlackFideId "409081"]
[EventDate "2011.11.12"]

1. e4 c5 2. Nf3 Nc6 3. d3 g6 4. g3 Bg7 5. Bg2 d6 6. O-O Nf6 7. c3 O-O 8. a3 c4
9. Re1 cxd3 10. Qxd3 h6 11. h3 d5 12. exd5 Nxd5 13. Nh4 Nb6 14. Qe2 e5 15. Be3
Be6 16. Nd2 Qc7 17. f4 Rad8 18. Rad1 Nd5 19. Bc5 Rfe8 20. c4 Nde7 21. Bxe7 Rxe7
22. Ne4 Rxd1 23. Rxd1 exf4 24. g4 Nd4 25. Qf2 Qxc4 26. Kh2 Bd5 27. Nc3 Bxg2 28.
Kxg2 Qc6+ 29. Kg1 Re3 30. Qxf4 Rxc3 31. Rxd4 Bxd4+ 32. Qxd4 Rc1+ 33. Kf2 Qb6 0-1

[Event "4NCL 2011-12"]
[Site "Staverton Park ENG"]
[Date "2011.11.12"]
[Round "1.11.7"]
[White "Arakhamia-Grant, Ketevan"]
[Black "Gray, Mark S"]
[Result "1/2-1/2"]
[WhiteTitle "GM"]
[WhiteElo "2443"]
[BlackElo "2090"]
[WhiteTeam "Wood Green Hilsmark 1"]
[BlackTeam "Anglian Avengers"]
[WhiteFideId "13600168"]
[BlackFideId "414964"]
[EventDate "2011.11.12"]

1. e4 e5 2. Nf3 Nc6 3. Bb5 a6 4. Ba4 Nf6 5. d3 b5 6. Bb3 Bc5 7. O-O d6 8. a4 Rb8
9. c3 h6 10. h3 O-O 11. Re1 Re8 12. Nbd2 Bb6 13. Nf1 Ne7 14. a5 Ba7 15. Ng3 Ng6
16. d4 c5 17. dxe5 dxe5 18. Qxd8 Rxd8 19. Be3 Rb7 20. Rad1 Rbd7 21. Bc2 Rxd1 22.
Rxd1 Rxd1+ 23. Bxd1 Nd7 24. b4 Nb8 25. Nf5 Nc6 26. Nd6 Be6 27. Bd2 Kf8 28. Kf1
Nd8 29. Ne1 Ne7 30. Be3 Nec6 31. Nd3 cxb4 32. Bxa7 Nxa7 33. Nxb4 Nc8 34. Nxc8
Bxc8 35. Bg4 Bb7 36. Ke2 Ke7 37. Kd3 Ne6 38. Bxe6 Kxe6 39. f3 Kd6 40. Kc2 f6 41.
g4 Bc8 42. Kb3 Be6+ 43. Ka3 Bc8 44. Nd3 h5 45. Kb4 hxg4 46. hxg4 Be6 47. Nc5 Bc8
48. c4 bxc4 49. Kxc4 Kc6 50. Kb4 Kd6 51. Nb3 Bd7 52. Nd2 Bb5 53. Nc4+ Kc6 54. g5
Bxc4 55. Kxc4 fxg5 56. Kb4 Kd6 57. Kc4 Kc6 58. Kb4 1/2-1/2

[Event "4NCL 2011-12"]
[Site "Staverton Park ENG"]
[Date "2011.11.12"]
[Round "1.11.8"]
[White "Smith, Olivia"]
[Black "Ward, Chris G"]
[Result "0-1"]
[WhiteTitle "WFM"]
[BlackTitle "GM"]
[WhiteElo "2010"]
[BlackElo "2448"]
[WhiteTeam "Anglian Avengers"]
[BlackTeam "Wood Green Hilsmark 1"]
[WhiteFideId "411850"]
[BlackFideId "400203"]
[EventDate "2011.11.12"]

1. d4 d5 2. c4 Nc6 3. cxd5 Qxd5 4. e3 e5 5. Nc3 Bb4 6. Nf3 exd4 7. Nxd4 Nxd4 8.
Qxd4 Qxd4 9. exd4 Be6 10. Be2 O-O-O 11. Be3 Ne7 12. a3 Ba5 13. O-O Bb6 14. Rfd1
Nf5 15. Bg4 Nxd4 16. Bxe6+ fxe6 17. Bxd4 Rxd4 18. Rxd4 Bxd4 19. Rd1 Rd8 20. Kf1
Bxc3 21. Rxd8+ Kxd8 22. bxc3 Kd7 23. Ke2 Kd6 24. Kd3 Kd5 25. f4 b5 26. g4 a6 0-1

[Event "4NCL 2011-12"]
[Site "Staverton Park ENG"]
[Date "2011.11.12"]
[Round "1.12.1"]
[White "Rogers, Jonathan W"]
[Black "Slavin, Alexei"]
[Result "1/2-1/2"]
[WhiteTitle "FM"]
[BlackTitle "IM"]
[WhiteElo "2349"]
[BlackElo "2400"]
[WhiteTeam "Barbican 4NCL 2"]
[BlackTeam "e2e4.org.uk"]
[WhiteFideId "402052"]
[BlackFideId "24104388"]
[EventDate "2011.11.12"]

1. d4 Nf6 2. Nf3 e6 3. c4 d5 4. g3 Be7 5. Bg2 O-O 6. O-O Na6 7. Nc3 b6 8. b3 Bb7
9. Bb2 c5 10. e3 dxc4 11. bxc4 cxd4 12. exd4 Rc8 13. Qe2 Qc7 14. Rfd1 Rfe8 15.
Rac1 Qxc4 16. Qxc4 Rxc4 17. Ne5 Rc7 18. Nb5 Rxc1 19. Rxc1 Bxg2 20. Kxg2 Nd5 21.
Nxa7 f6 22. Nd3 Kf7 23. Nb5 Ra8 24. Rc6 Nab4 25. Nxb4 Bxb4 26. a3 Be7 27. h4 h5
28. Kf1 Bd8 29. Ke2 Ke7 30. Kd3 Kd7 31. Rd6+ Ke7 32. Rc6 Ra5 33. Kc4 Kd7 34.
Rd6+ Ke7 35. Rc6 Kd7 36. Rd6+ Ke7 37. Rc6 1/2-1/2

[Event "4NCL 2011-12"]
[Site "Staverton Park ENG"]
[Date "2011.11.12"]
[Round "1.12.3"]
[White "Dorrington, Chris J"]
[Black "Fernandez, Daniel Howard"]
[Result "0-1"]
[BlackTitle "IM"]
[WhiteElo "2307"]
[BlackElo "2344"]
[WhiteTeam "Barbican 4NCL 2"]
[BlackTeam "e2e4.org.uk"]
[WhiteFideId "410462"]
[BlackFideId "5801605"]
[EventDate "2011.11.12"]

1. d4 Nf6 2. c4 g6 3. Nc3 d5 4. Nf3 Bg7 5. Qb3 dxc4 6. Qxc4 c6 7. e4 O-O 8. Be2
b5 9. Qd3 a5 10. O-O Na6 11. Bg5 Nc7 12. Ne5 Bb7 13. Rad1 Nd7 14. Qg3 Ne6 15.
Be3 Nxe5 16. dxe5 Qc7 17. f4 b4 18. Na4 c5 19. Bg4 Bc6 20. Bxe6 Bxa4 21. Bb3 Bb5
22. Rfe1 c4 23. Rc1 Rfc8 24. Bxc4 Bxc4 25. b3 Qb7 26. bxc4 Qxe4 27. Bf2 Qc6 28.
f5 e6 29. fxg6 hxg6 30. h4 a4 31. h5 gxh5 32. Re3 Ra5 33. Qf4 Qc7 34. c5 Rxc5
35. Rxc5 Qxc5 36. Kh2 Qc4 37. Re4 Qxa2 38. Rxb4 Qe2 39. Re4 Rc4 40. Qxf7+ Kxf7
41. Rxe2 a3 42. Be1 Kg6 43. g3 Kf5 44. Ra2 Ra4 45. Rf2+ Kg4 46. Bc3 Re4 47. Ra2
Bf8 48. Ba1 Bc5 49. Rc2 Bd4 50. Rc4 Bg1+ 0-1

[Event "4NCL 2011-12"]
[Site "Staverton Park ENG"]
[Date "2011.11.12"]
[Round "1.12.4"]
[White "Kilpatrick, Callum"]
[Black "Griffiths, Ryan Rhys"]
[Result "1-0"]
[BlackTitle "FM"]
[WhiteElo "2315"]
[BlackElo "2310"]
[WhiteTeam "e2e4.org.uk"]
[BlackTeam "Barbican 4NCL 2"]
[WhiteFideId "414425"]
[BlackFideId "2502054"]
[EventDate "2011.11.12"]

1. e4 c6 2. Nc3 d5 3. Nf3 Bg4 4. h3 Bxf3 5. Qxf3 e6 6. Be2 Nf6 7. O-O dxe4 8.
Nxe4 Nxe4 9. Qxe4 Nd7 10. d4 Nf6 11. Qd3 Bd6 12. Bf3 O-O 13. b4 Qc7 14. a3 a5
15. bxa5 Rxa5 16. c4 Rd8 17. Bd2 Raa8 18. Rfd1 e5 19. d5 Qe7 20. Bg5 cxd5 21.
Bxd5 e4 22. Bxf6 Qxf6 23. Qxe4 Bxa3 24. Bxb7 Rxd1+ 25. Rxd1 Rd8 26. Bd5 Bd6 27.
g3 Bc5 28. Rd2 g6 29. Kg2 Kg7 30. Qe2 h5 31. Rd3 Re8 32. Qd2 Re5 33. h4 Qd6 34.
Rf3 Re7 35. Qb2+ f6 36. Rb3 Qe5 37. Qd2 Qd4 38. Rd3 Qa1 39. Bf3 Qe1 40. Qb2 Ra7
41. Rd1 Qe5 42. Qb1 Bd4 43. Qd3 Rd7 44. Bc6 Rd8 45. Bd5 Bc5 46. Rd2 Rb8 47. Re2
Qd4 48. Qc2 Kh6 49. Bf7 f5 50. Bxg6 Kxg6 51. Re6+ Kg7 52. Qxf5 Qxf2+ 53. Qxf2
Bxf2 54. Kxf2 Rc8 55. Re5 1-0

[Event "4NCL 2011-12"]
[Site "Staverton Park ENG"]
[Date "2011.11.12"]
[Round "1.12.5"]
[White "Chapman, Terry P D"]
[Black "Longson, Alexander"]
[Result "1/2-1/2"]
[WhiteElo "2253"]
[BlackElo "2281"]
[WhiteTeam "Barbican 4NCL 2"]
[BlackTeam "e2e4.org.uk"]
[WhiteFideId "413399"]
[BlackFideId "408093"]
[EventDate "2011.11.12"]

1. Nf3 d5 2. d4 Nf6 3. c4 e6 4. g3 Bb4+ 5. Bd2 Be7 6. Bg2 O-O 7. O-O c6 8. Qc2
Nbd7 9. Bf4 Nh5 10. Bc1 Nhf6 11. Nbd2 b6 12. e4 dxe4 13. Nxe4 Bb7 14. Nxf6+ Bxf6
15. c5 e5 16. dxe5 Nxe5 17. Rd1 Qe7 18. Nxe5 Qxe5 19. Be3 bxc5 20. Bxc5 Rfd8 21.
Ba3 Rxd1+ 22. Rxd1 Rd8 23. Rxd8+ Bxd8 24. Qc5 Qxc5 25. Bxc5 Bb6 26. b4 Bxc5 27.
bxc5 Kf8 28. f4 Ke7 29. Kf2 Kd7 30. Ke3 Ba6 31. Kd4 Bb5 32. Be4 h6 33. Bf5+ Ke7
34. h4 Be2 35. Be4 Kd7 36. Bf5+ Ke7 37. Be4 Kd7 38. a3 Bd1 39. Ke5 Be2 40. Bf5+
Ke7 41. Be4 Kd7 42. Bg2 Bg4 43. Kd4 Kc7 44. Bf1 Kd7 45. Bc4 f6 46. Bd3 Kd8 47.
Kc4 Kd7 48. Kd4 Kd8 49. Bg6 Ke7 50. Bh7 Ke6 51. Be4 Kd7 52. Bc2 Ke6 53. Bd3 Kd7
54. Bf1 Ke6 55. Bg2 Kd7 56. Kc3 Kc7 57. Kb4 Kd7 58. Be4 Kc7 59. Ka5 Kb7 60. Bg2
Kc7 61. Ka6 Be2+ 62. Kxa7 Bd3 63. Bf3 1/2-1/2

[Event "4NCL 2011-12"]
[Site "Staverton Park ENG"]
[Date "2011.11.12"]
[Round "1.12.6"]
[White "Hulmes, David I"]
[Black "Franklin, Samuel G A"]
[Result "0-1"]
[WhiteElo "2273"]
[BlackElo "2179"]
[WhiteTeam "e2e4.org.uk"]
[BlackTeam "Barbican 4NCL 2"]
[WhiteFideId "412201"]
[BlackFideId "468576"]
[EventDate "2011.11.12"]

1. e4 e5 2. Nf3 Nc6 3. Bb5 a6 4. Ba4 Nf6 5. O-O b5 6. Bb3 Bc5 7. c3 d6 8. a4 Rb8
9. d4 Bb6 10. Na3 O-O 11. axb5 axb5 12. Nxb5 Bg4 13. Ra4 Bd7 14. Re1 Na5 15. c4
Nxb3 16. Qxb3 c6 17. Nxd6 Ba5 18. Qd1 Bxe1 19. Qxe1 c5 20. Ra5 exd4 21. e5 Qb6
22. Ng5 Ng4 23. f4 f6 24. Nf3 fxe5 25. fxe5 Bc6 26. Ra3 h6 27. Qg3 Bxf3 28. Rxf3
Ne3 29. Bxe3 dxe3 30. Nf5 Rxf5 31. Rxf5 e2 32. Qe1 Qxb2 33. Rf2 Qd4 34. g3 Rb1 0-1

[Event "4NCL 2011-12"]
[Site "Staverton Park ENG"]
[Date "2011.11.12"]
[Round "1.12.7"]
[White "Coleman, David J"]
[Black "Byron, Alan M"]
[Result "1-0"]
[WhiteTitle "CM"]
[WhiteElo "2244"]
[BlackElo "2241"]
[WhiteTeam "Barbican 4NCL 2"]
[BlackTeam "e2e4.org.uk"]
[WhiteFideId "402087"]
[BlackFideId "401773"]
[EventDate "2011.11.12"]

1. e4 e6 2. d4 d5 3. Nc3 Bb4 4. e5 b6 5. a3 Bf8 6. Bb5+ c6 7. Ba4 Ba6 8. Nce2
Ne7 9. c3 Nd7 10. Nf3 h6 11. h4 Qc7 12. Bf4 O-O-O 13. O-O Nf5 14. Bc2 Be7 15.
Bxf5 exf5 16. e6 Bxe2 17. Bxc7 Bxd1 18. Bxd8 Kxd8 19. Raxd1 fxe6 20. Rfe1 Nf8
21. Ne5 Kc7 22. h5 Bf6 23. Rd3 Bxe5 24. Rxe5 Kd6 25. Rde3 Rg8 26. Kh2 g5 27.
hxg6 Rxg6 28. Rg3 Rg5 29. f4 Rg6 30. Ree3 a5 31. Kh3 Rf6 32. Rg7 Ng6 33. g3 a4
34. Kg2 Nh8 35. Kf3 Nf7 36. Re2 Ke7 37. Rg8 Nd6 38. Rh2 b5 39. Rh8 Nc4 40. Rh7+
Kd6 41. Rg7 c5 42. Re2 cxd4 43. cxd4 Kc6 44. Rc2 Kd6 45. Ke2 Rf8 46. Kd3 Rh8 47.
Re2 Re8 48. Rg6 h5 49. Rh6 Kd7 50. Rxh5 Re7 51. Kc3 Nd6 52. Kb4 Ne4 53. Rh3 Nd6
54. Reh2 Kc6 55. Rh7 Rxh7 56. Rxh7 Nc4 57. Rh2 Nd6 58. Rh6 Kd7 59. Rh7+ Kd8 60.
Rh3 Ke7 61. Kc5 1-0

[Event "4NCL 2011-12"]
[Site "Staverton Park ENG"]
[Date "2011.11.12"]
[Round "1.12.8"]
[White "Norinkeviciute, Rasa"]
[Black "Regan, Natasha K"]
[Result "1-0"]
[WhiteTitle "WFM"]
[BlackTitle "WIM"]
[WhiteElo "1996"]
[BlackElo "2096"]
[WhiteTeam "e2e4.org.uk"]
[BlackTeam "Barbican 4NCL 2"]
[WhiteFideId "12801925"]
[BlackFideId "403067"]
[EventDate "2011.11.12"]

1. c4 e5 2. g3 Nc6 3. Bg2 f5 4. Nc3 Nf6 5. d3 Bc5 6. e3 O-O 7. Nge2 d6 8. O-O
Qe8 9. Nd5 Nxd5 10. cxd5 Ne7 11. Bd2 f4 12. exf4 Qh5 13. Kh1 Rf6 14. fxe5 dxe5
15. Nc3 Bg4 16. f3 Nf5 17. Qe1 Bh3 18. Ne4 Bxg2+ 19. Kxg2 Rb6 20. Nxc5 Rxb2 21.
Rf2 Nd4 22. g4 Qh4 23. Nb3 Nxb3 24. axb3 Rxb3 25. Qxe5 Rf8 26. Qe4 a6 27. d6
cxd6 28. Qd5+ 1-0

[Event "4NCL 2011-12"]
[Site "Staverton Park ENG"]
[Date "2011.11.12"]
[Round "1.13.1"]
[White "Edouard, Romain"]
[Black "Cernousek, Lukas"]
[Result "1-0"]
[WhiteTitle "GM"]
[BlackTitle "IM"]
[WhiteElo "2621"]
[BlackElo "2438"]
[WhiteTeam "Guildford"]
[BlackTeam "The AD's"]
[WhiteFideId "633429"]
[BlackFideId "311707"]
[EventDate "2011.11.12"]

1. d4 Nf6 2. c4 g6 3. Nc3 d5 4. Qb3 dxc4 5. Qxc4 Bg7 6. e4 O-O 7. Be2 Nc6 8. Nf3
Bg4 9. d5 Na5 10. Qb4 c6 11. e5 c5 12. Qf4 g5 13. Qxg5 1-0

[Event "4NCL 2011-12"]
[Site "Staverton Park ENG"]
[Date "2011.11.12"]
[Round "1.13.2"]
[White "Jirka, Jiri"]
[Black "Conquest, Stuart C"]
[Result "1-0"]
[WhiteTitle "IM"]
[BlackTitle "GM"]
[WhiteElo "2415"]
[BlackElo "2521"]
[WhiteTeam "The AD's"]
[BlackTeam "Guildford 1"]
[WhiteFideId "311731"]
[BlackFideId "400181"]
[EventDate "2011.11.12"]

1. d4 g6 2. c4 Bg7 3. g3 c5 4. d5 d6 5. Bg2 b5 6. cxb5 a6 7. bxa6 Nf6 8. Nc3 O-O
9. Nf3 Nxa6 10. O-O Qb6 11. Re1 Nd7 12. e4 Re8 13. Bf1 Ne5 14. Nxe5 Bxe5 15. a4
Bd7 16. Bd2 Reb8 17. Rb1 Nc7 18. b3 Bc8 19. Bc4 Ba6 20. Qc2 Rb7 21. Bf4 Bxc3 22.
Qxc3 Bxc4 23. Qxc4 f6 24. Bd2 Qa6 25. Qc2 Rab8 26. h4 Rb6 27. b4 Qa7 28. b5 Ra8
29. Ra1 Nxb5 30. axb5 Qxa1 31. Rxa1 Rxa1+ 32. Kg2 Rxb5 33. h5 gxh5 34. Be3 Rb4
35. e5 fxe5 1-0

[Event "4NCL 2011-12"]
[Site "Staverton Park ENG"]
[Date "2011.11.12"]
[Round "1.13.3"]
[White "Kosten, Anthony C."]
[Black "Wheeler, Darren P"]
[Result "1-0"]
[WhiteTitle "GM"]
[WhiteElo "2498"]
[BlackElo "2272"]
[WhiteTeam "Guildford 1"]
[BlackTeam "The AD's"]
[WhiteFideId "400114"]
[BlackFideId "410136"]
[EventDate "2011.11.12"]

1. Nf3 d5 2. c4 e6 3. g3 c5 4. Bg2 Nc6 5. O-O Be7 6. e3 Nf6 7. b3 Ne4 8. Bb2 Bf6
9. Bxf6 Nxf6 10. cxd5 Nxd5 11. d4 cxd4 12. Nxd4 Qf6 13. Nd2 Nxd4 14. Ne4 Nf3+
15. Bxf3 Qe5 16. Rc1 Bd7 17. Nd2 O-O 18. Nc4 Qf6 19. e4 Nc3 20. e5 Nxd1 21. exf6 1-0

[Event "4NCL 2011-12"]
[Site "Staverton Park ENG"]
[Date "2011.11.12"]
[Round "1.13.4"]
[White "Snape, Ian L"]
[Black "Plat, Vojtech"]
[Result "0-1"]
[BlackTitle "IM"]
[WhiteElo "2231"]
[BlackElo "2425"]
[WhiteTeam "The AD's"]
[BlackTeam "Guildford 1"]
[WhiteFideId "404489"]
[BlackFideId "325740"]
[EventDate "2011.11.12"]

1. e4 c5 2. Nf3 Nc6 3. d4 cxd4 4. Nxd4 g6 5. c4 Bg7 6. Nc2 d6 7. Be2 Qb6 8. Nc3
Bxc3+ 9. bxc3 Nf6 10. f3 Be6 11. Be3 Qa5 12. O-O Ne5 13. Bd4 Bxc4 14. f4 Bxe2
15. Qxe2 Nc6 16. e5 dxe5 17. fxe5 Nd5 18. e6 f6 19. Rf3 Nxd4 20. cxd4 Rc8 21.
Ne3 Nxe3 22. Rxe3 Qd5 23. Rd1 O-O 24. Rg3 f5 25. Qf3 Rfd8 26. Qxd5 Rxd5 27. Ra3
a6 28. Rb3 b5 29. a4 Rc6 30. axb5 axb5 31. Re1 Kg7 32. Re5 Rxd4 33. Rbxb5 Kf6
34. Kf2 Rd2+ 35. Re2 Rxe2+ 36. Kxe2 Rxe6+ 37. Kf3 Ra6 38. Rb7 h6 39. h4 g5 40.
hxg5+ hxg5 41. Rb8 e6 42. Kf2 Ra2+ 43. Kg3 g4 44. Rf8+ Ke5 45. Rb8 f4+ 46. Kxg4
Rxg2+ 47. Kf3 Rg3+ 48. Kf2 Kf5 49. Rf8+ Ke4 50. Ra8 e5 51. Ra4+ Kf5 52. Ra5 Rb3 0-1

[Event "4NCL 2011-12"]
[Site "Staverton Park ENG"]
[Date "2011.11.12"]
[Round "1.13.6"]
[White "Swindells, Jonathan E"]
[Black "Sarakauskas, Gediminas"]
[Result "1/2-1/2"]
[BlackTitle "IM"]
[WhiteElo "2178"]
[BlackElo "2403"]
[WhiteTeam "The AD's"]
[BlackTeam "Guildford 1"]
[WhiteFideId "421863"]
[BlackFideId "12800724"]
[EventDate "2011.11.12"]

1. e4 e5 2. Nc3 Nf6 3. Bc4 Nxe4 4. Qh5 Nd6 5. Bb3 Be7 6. Nf3 Nc6 7. Nxe5 g6 8.
Nxc6 dxc6 9. Qf3 O-O 10. O-O Bf6 11. d3 Bg7 12. Ne4 Bf5 13. Ng3 Bd7 14. c3 a5
15. Ne4 Bf5 16. Ng3 a4 17. Bc2 Be6 18. Qd1 a3 19. Bb3 Re8 20. Qc2 axb2 21. Bxb2
c5 22. Bxe6 Rxe6 23. f4 f5 24. Qb3 Qd7 25. Qd5 Kf8 26. Qxc5 Qb5 27. Qxb5 Nxb5
28. d4 Rea6 29. a3 Nxa3 30. Bxa3+ Rxa3 31. Rxa3 Rxa3 32. Ne2 Ke7 33. Rb1 b6 34.
Kf2 Kd6 35. Ke3 Bf6 36. Kd3 Bd8 37. h3 c6 38. g4 b5 39. gxf5 gxf5 40. Ng3 Ba5
41. Nxf5+ Ke6 42. Ne3 Rxc3+ 43. Ke4 Bd8 44. d5+ cxd5+ 45. Nxd5 Rc4+ 46. Kd3 1/2-1/2

[Event "4NCL 2011-12"]
[Site "Staverton Park ENG"]
[Date "2011.11.12"]
[Round "1.13.8"]
[White "Bellin, Jana M"]
[Black "Wall, Gavin"]
[Result "0-1"]
[WhiteTitle "WGM"]
[BlackTitle "IM"]
[WhiteElo "2133"]
[BlackElo "2330"]
[WhiteTeam "The AD's"]
[BlackTeam "Guildford 1"]
[WhiteFideId "402168"]
[BlackFideId "2501244"]
[EventDate "2011.11.12"]

1. e4 e5 2. Nf3 d6 3. d4 exd4 4. Nxd4 Nf6 5. Nc3 Be7 6. Bd3 O-O 7. O-O Nc6 8.
Nxc6 bxc6 9. h3 Nd7 10. Bf4 Rb8 11. Rb1 Bf6 12. Qd2 Nc5 13. Be3 Nxd3 14. cxd3
Rb7 15. Rfc1 g6 16. Ne2 c5 17. b4 cxb4 18. Rxb4 c5 19. Rbb1 Bg7 20. d4 c4 21. d5
Rxb1 22. Rxb1 Qe7 23. Nc3 f5 24. exf5 Bxf5 25. Rc1 Rb8 26. Bg5 Qe5 27. Bf4 Qf6
28. Be3 Rb7 29. Bg5 Qd4 30. Qxd4 Bxd4 31. Ne2 Bc5 32. g4 Bd3 33. Nc3 Rb2 34. Nd1
Rxa2 35. Ne3 Ba3 36. Rd1 Be2 37. Rb1 Bb2 38. Re1 Bd4 39. Rb1 Rb2 40. Re1 c3 41.
Rc1 Bd3 42. Nd1 Rb1 0-1

[Event "4NCL 2011-12"]
[Site "Staverton Park ENG"]
[Date "2011.11.12"]
[Round "1.14.1"]
[White "Cobb, James"]
[Black "Bates, Richard A"]
[Result "1/2-1/2"]
[WhiteTitle "IM"]
[BlackTitle "IM"]
[WhiteElo "2411"]
[BlackElo "2386"]
[WhiteTeam "Bristol"]
[BlackTeam "Blackthorne Russia"]
[WhiteFideId "1800949"]
[BlackFideId "403555"]
[EventDate "2011.11.12"]

1. d4 Nf6 2. Nf3 g6 3. Bg5 Bg7 4. Nbd2 O-O 5. c3 d6 6. e4 c5 7. dxc5 dxc5 8. Bc4
Nc6 9. O-O Qc7 10. Qe2 h6 11. Bxf6 exf6 12. Nh4 g5 13. Nf5 Bxf5 14. exf5 Qf4 15.
Rfe1 Qxf5 16. Bd3 Qd7 17. Nc4 Rfe8 18. Qc2 Rxe1+ 19. Rxe1 Re8 20. Rd1 Qe6 21. b3
f5 22. h3 Qf6 23. Rc1 f4 24. Be4 b5 25. Nd2 Ne5 26. Nf3 Nxf3+ 1/2-1/2

[Event "4NCL 2011-12"]
[Site "Staverton Park ENG"]
[Date "2011.11.12"]
[Round "1.14.2"]
[White "Ledger, Andrew J"]
[Black "Rudd, Jack"]
[Result "1-0"]
[WhiteTitle "IM"]
[BlackTitle "IM"]
[WhiteElo "2424"]
[BlackElo "2290"]
[WhiteTeam "Blackthorne Russia"]
[BlackTeam "Bristol"]
[WhiteFideId "400610"]
[BlackFideId "405736"]
[EventDate "2011.11.12"]

1. c4 Nf6 2. g3 g6 3. Bg2 Bg7 4. Nc3 O-O 5. e4 d6 6. Nge2 c5 7. O-O Nc6 8. d3
Rb8 9. a3 Ne8 10. Be3 Nd4 11. Rb1 Nc7 12. b4 b6 13. h3 Nce6 14. f4 f5 15. Qd2
Bd7 16. b5 Nxe2+ 17. Nxe2 Nd4 18. Nc3 e6 19. a4 Bf6 20. Kh2 Qe7 21. Bxd4 cxd4
22. Na2 fxe4 23. Bxe4 g5 24. f5 exf5 25. Bxf5 Bxf5 26. Rxf5 Rbe8 27. Rbf1 Qe3
28. Qf2 Bg7 29. Rxf8+ Bxf8 30. Nb4 Qxf2+ 31. Rxf2 Re3 32. Rd2 Bg7 33. Nc2 Re6
34. Kg2 Kf7 35. Kf3 h5 36. g4 hxg4+ 37. hxg4 Be5 38. Rf2 Kg6 39. Nb4 Rf6+ 40.
Ke2 Re6 41. Kf3 Rf6+ 42. Kg2 Re6 43. Nc6 Bf4 44. Nxd4 Re3 45. Rf3 Re1 46. Nc6
Ra1 47. Nxa7 Ra2+ 48. Kf1 Rxa4 49. Nc8 Ra1+ 50. Ke2 Ra2+ 51. Kd1 Rg2 52. Nxb6
Rxg4 53. Nd5 Be5 54. Ne7+ Kh5 55. Nc6 Bf4 56. b6 Rg1+ 57. Kc2 Rg2+ 58. Kc3 Bd2+
59. Kd4 1-0